Biggest Canadian Cities - Statistics

General Stats
  • This quiz has been taken 22 times
  • The average score is 8 of 10
Answer Stats
Answer % Correct
Montreal
100%
Toronto
100%
Calgary
94%
Edmonton
94%
Vancouver
94%
Ottawa
89%
Quebec City
78%
Winnipeg
72%
Hamilton
39%
Kitchener
11%
No matching quizzes found
Score Distribution
Percent of People with Each Score
Percentile by Number Answered
Your Score History
You have not taken this quiz